[Event "Orsha op"]
[Site "Orsha"]
[Date "2019.01.21"]
[Round "6"]
[White "Abrazevich, Yauheni"]
[Black "Dolgopyatov, Andrey"]
[Result "1-0"]
[WhiteElo "1914"]
[BlackElo "1393"]
[PlyCount "79"]
[EventDate "2019.01.18"]
[EventType "swiss"]
[EventRounds "9"]
[EventCountry "BLR"]
[SourceTitle "CBM 188 Extra"]
[Source "ChessBase"]
[SourceDate "2019.02.28"]
[SourceVersion "1"]
[SourceVersionDate "2019.02.28"]
[SourceQuality "1"]

1. e4 c5 2. Nf3 d6 3. d4 cxd4 4. Nxd4 Nf6 5. Nc3 g6 6. Be3 Bg7 7. f3 Nc6 8. Qd2 0-0 9. Bc4 a6 10. 0-0-0 Qc7 11. Bb3 b5 12. Nxc6 Qxc6 13. Nd5 Qb7 14. Nxf6+ Bxf6 15. Bd5 Qb8 16. Bxa8 Qxa8 17. Bg5 Bxg5 18. Qxg5 Qb7 19. h4 Be6 20. Kb1 Qc6 21. Qxe7 Rc8 22. Rd2 Qc4 23. b3 Qc3 24. Qxd6 a5 25. Qd4 Qc7 26. h5 a4 27. h6 f5 28. Qg7+ Qxg7 29. hxg7 Kxg7 30. Rd6 Bf7 31. Rb6 axb3 32. axb3 Rc5 33. Rd1 fxe4 34. fxe4 Re5 35. Rb7 Rxe4 36. Rf1 Re2 37. Rfxf7+ Kh6 38. Rxh7+ Kg5 39. Rxb5+ Kf6 40. g4 1-0

[Event "Orsha op"]
[Site "Orsha"]
[Date "2019.01.20"]
[Round "4"]
[White "Naumovich, Yaroslav"]
[Black "Dolgopyatov, Andrey"]
[Result "1-0"]
[WhiteElo "1915"]
[BlackElo "1393"]
[PlyCount "57"]
[EventDate "2019.01.18"]
[EventType "swiss"]
[EventRounds "9"]
[EventCountry "BLR"]
[SourceTitle "CBM 188 Extra"]
[Source "ChessBase"]
[SourceDate "2019.02.28"]
[SourceVersion "1"]
[SourceVersionDate "2019.02.28"]
[SourceQuality "1"]

1. Nf3 d5 2. d4 Nf6 3. e3 e6 4. c4 c6 5. Nc3 Bd6 6. Bd3 0-0 7. 0-0 Re8 8. e4 dxe4 9. Nxe4 Nxe4 10. Bxe4 h6 11. b3 Nd7 12. Bb2 Nf6 13. Bc2 b6 14. Qe2 Bb7 15. Rad1 Qc7 16. Ne5 Rad8 17. f4 c5 18. Kh1 cxd4 19. Bxd4 Bc5 20. Bc3 Rd6 21. Ng4 Rxd1 22. Nxf6+ gxf6 23. Qg4+ Kf8 24. Rxd1 Ke7 25. Re1 Qc8 26. Qg7 Rg8 27. Bxf6+ Kd6 28. Rd1+ Kc7 29. Be5+ 1-0

[Event "Orsha op"]
[Site "Orsha"]
[Date "2019.01.19"]
[Round "3"]
[White "Dolgopyatov, Andrey"]
[Black "Stashis, Anna"]
[Result "1/2-1/2"]
[WhiteElo "1393"]
[BlackElo "1931"]
[PlyCount "80"]
[EventDate "2019.01.18"]
[EventType "swiss"]
[EventRounds "9"]
[EventCountry "BLR"]
[SourceTitle "CBM 188 Extra"]
[Source "ChessBase"]
[SourceDate "2019.02.28"]
[SourceVersion "1"]
[SourceVersionDate "2019.02.28"]
[SourceQuality "1"]

1. d4 d5 2. Nf3 c6 3. Bg5 h6 4. Bh4 Qb6 5. b3 Bf5 6. e3 e6 7. Bd3 Bxd3 8. Qxd3 Nd7 9. 0-0 Ngf6 10. c3 Ne4 11. Nbd2 Ndf6 12. Ne5 Nxd2 13. Qxd2 Ne4 14. Qd3 g5 15. Bg3 h5 16. h3 Bd6 17. Bh2 f6 18. f3 fxe5 19. fxe4 0-0-0 20. Rf7 exd4 21. exd4 e5 22. Rd1 exd4 23. cxd4 Bxh2+ 24. Kxh2 dxe4 25. Qxe4 Kb8 26. Qe5+ Ka8 27. d5 cxd5 28. Rxd5 Rxd5 29. Qxd5 g4 30. Qf5 Rd8 31. hxg4 hxg4 32. Qf4 a6 33. Qxg4 Rh8+ 34. Kg3 Qd6+ 35. Rf4 Qd5 36. Rd4 Qe5+ 37. Rf4 Qd5 38. Rd4 Qe5+ 39. Rf4 Qd5 40. Rf5 Qd3+ 1/2-1/2